| 000 | nam a22 7a 4500 | ||
|---|---|---|---|
| 999 |
_c7181 _d7181 |
||
| 003 | OSt | ||
| 005 | 20181128130311.0 | ||
| 008 | 181128s1971 fr |||||| |000 ||spa|d | ||
| 040 |
_aES-BaCBU _bcat _cCDMR |
||
| 100 | 1 |
_aVázquez de Sola, _d1927- |
|
| 245 | 1 | 3 |
_aEl General Franquísimo o La muerte civil de un militar moribundo _c/ Vázquez de Sola |
| 260 |
_aParís : _bRuedo Ibérico, _c1971 |
||
| 300 |
_a111 p. : principalment il. ; _b21 cm |
||
| 653 | 0 | 0 | _aFranco Bahamonde, Francisco |
| 942 | _cMON | ||